| 000 | 00540nam a2200181 i 4500 | ||
|---|---|---|---|
| 001 | 24333 | ||
| 003 | ES-MaACL | ||
| 005 | 20230906153029.0 | ||
| 007 | t| | ||
| 008 | 021217s1972 sp ||||1| spa d | ||
| 100 | 1 |
_aAntolín Rato, Mariano. _921923 |
|
| 245 | 1 | 0 |
_aIntroducción al budismo Zen _b: enseñanzas y textos / _cMariano Antolín Rato, Alfredo Embid. |
| 250 | _a[1ª ed.]. | ||
| 260 |
_aBarcelona : _bBarral, _c1972. |
||
| 300 |
_a205 p. ; _c19 cm. |
||
| 700 | 1 |
_aEmbid, Alfredo. _947137 |
|
| 852 |
_aES-MaACL _jC-52191 _bR.83461 |
||
| 999 |
_c24333 _d24333 |
||